World Capitals start with a vowel - Statistics

General Stats
  • This quiz has been taken 152 times
    113 since last reset
  • The average score is 17 of 24
Answer Stats
Hint Answer % Correct
17) Oslo
86%
18) Ottawa
82%
4) Addis Ababa
80%
13) Asmara
78%
20) Ulaanbaatar
78%
3) Accra
77%
10) Antananarivo
77%
1) Abu Dhabi
76%
7) Amsterdam
76%
8) Andorra la Vella
76%
2) Abuja
73%
9) Ankara
73%
5) Algiers
71%
11) Apia
71%
14) Asuncion
71%
16) Islamabad
71%
15) Athens
70%
6) Amman
66%
23) Yaren
66%
24) Yerevan
65%
12) Ashgabat
64%
19) Ouagadougou
64%
22) Yaounde
63%
21) Yamoussoukro
59%
No matching quizzes found
Score Distribution
Percent of People with Each Score
Percentile by Number Answered
Your Score History
You have not taken this quiz since the last reset